00670nam a22001817a 450000500170000000800410001704100080005808200230006610000220008924500580011126000520016930000090022150000250023050000150025594200070027099900190027795201920029620250409154058.0250409b |||||||| |||| 00| 0 eng d amar a891.46bKUN B22543 aKunte S S9211891 aSamanyanchya Asadharan Kartrutvachya Katha : bBhag 2 a PunebBharatiya Vichar Sadhana Prakashanc2023 a376p aMarathi Literature  aLiterature cBK c365912d365912 00102ddc4070aHIMRbHIMRd2025-03-17eBharatiya Vichar Sadhana Foundation g350.00iHO/IN/579o891.46 KUN B22543pHIMR-BK-22543r2025-04-09 00:00:00t30v245.00w2025-03-11yBKzB22543